000
00276nam a22001217a 4500
008
170828b xxu||||| |||| 00| 0 eng d
041
_a
eng
080
_a
070
100
_a
39
101
_a
MED
245
_a
HUMAN COMMUNICATION IN SOCIETY
_c
ALBERTS.J.K
942
_2
udc
_c
BK
999
_c
25135
_d
25135